|
|
|
|
| LEADER |
01325nam a22003494a 4500 |
| 001 |
36137 |
| 003 |
BD-DhAAL |
| 005 |
20211130141513.0 |
| 008 |
191013t2003 enka f 001 0 eng |
| 999 |
|
|
|c 41523
|d 41523
|
| 010 |
|
|
|a 2003430594
|
| 020 |
|
|
|a 1901242757 (pbk.)
|
| 035 |
|
|
|a (UkLWHE)b000175125
|
| 040 |
|
|
|a DLC
|c DLC
|d DLC
|d BD-DhAAL
|
| 042 |
|
|
|a pcc
|
| 043 |
|
|
|a d------
|
| 050 |
0 |
0 |
|a RC451.D44
|b P38 2002
|
| 082 |
0 |
0 |
|a 616.890091724
|2 22
|
| 100 |
1 |
|
|a Patel, Vikram.
|9 35878
|
| 245 |
1 |
0 |
|a Where there is no psychiatrist :
|b a mental health care manual /
|c Vikram Patel ; illustrations by Wilson D'Souza.
|
| 260 |
|
|
|a London :
|b Gaskell,
|c 2003
|
| 300 |
|
|
|a xxi, 266 pages :
|b illustrations ;
|c 24 cm.
|
| 500 |
|
|
|a Includes index.
|
| 526 |
|
|
|a BIED
|
| 541 |
|
|
|a Complimentary copy from BIED
|e 36137
|
| 650 |
|
0 |
|a Psychiatry.
|9 35879
|
| 650 |
|
0 |
|a Psychiatry
|z Developing countries.
|9 35880
|
| 650 |
|
0 |
|a Mental illness.
|9 35881
|
| 650 |
|
0 |
|a Mental illness
|z Developing countries.
|9 35882
|
| 852 |
|
|
|a Ayesha Abed Library
|c BIED Collection
|
| 942 |
|
|
|2 ddc
|c BK
|
| 952 |
|
|
|0 0
|1 0
|2 ddc
|4 0
|6 616_890091724000000_PAT
|7 0
|9 66684
|a BRACUL
|b BRACUL
|c GEN
|d 2019-10-13
|e Complimentary copy from BIED
|g 869.00
|l 3
|m 57
|o 616.890091724 PAT
|p 3010036137
|r 2025-08-04
|s 2025-07-26
|t 1
|w 2019-10-13
|y BK
|x Transferred from BIED to General Stacks
|